Регионална библиотека "Любен Каравелов" - Русе

Пълен наръчник по психотерапия (Запис номер 97773)

MARC детайли
000 -Лидер
Контролно поле с фиксирана дължина 01829nam a2200361 c 4500
003 - Код на организацията, давaща контролен номер
Контролно поле BLK
005 - Дата и час на последна редакция
Контролно поле 20230420131909.0
008 - Елементи от данни с фиксирана дължина
fixed length control field 180409b bul|||||r ||||||| ||bul||
010 ## - Наследен системен номер
LC control number KNG00102688000
020 ## - Международен стандартен номер на книга ISBN
Международен стандартен номер на книга ISBN 957-607-507-8
-- издат.: ЛИК
040 ## - Източник на каталожния запис
Идентификатор на билиотеката - собственик на записа BLK
041 ## - Код за език
Код за езика на текст/звукозапис или на отделно заглавие Български
Код за езика КДБФ Български
080 ## - УДК
Текстов определител УДК Психотерапия - Психодрама, лечение по системата на йогите, колективна психотерапия, терапевтично влияние на музиката, изкуство. Медитация - психотерапевтични аспекти. Самовнушение. Вж и 616.89
УДК код - определител по УДК 615.851
УДК определител (035)
УДК - код + определител 615.851(035)
139 ## - Редно поле
Редна дума Пълен наръчник по психотерапия
Авторски знак Пъ - П 96
245 10 - Сведения за заглавието
Заглавие Пълен наръчник по психотерапия
Редно поле (дума) под ред. на Брус Бонгар; под ред. на Лари Е. Бютлър; прев. Людмила Маринова Андреева.
257 ## - Страна на издаване
Страна на създаване/издаване Съединени американски щати
260 ## - Област на издателските данни
-- София
Име на издателя, разпространителя и проч. ЛИК
Година на издаване 2002
300 ## - Физическа характеристика
Страници 708 с.
Размери/Мащаб 25 см
380 ## - Жанр
Жанр Медицина
500 ## - Общи забележки
Забележка Прев. по Comprehensive Textbook of Psychotherapy. - Офс. изд. - Библиогр. след отд. гл. ; Азб. показалец.
650 #4 - Допълнително описание по предмет – тема
Основно описание – тема или топоним Психотерапия - наръчници и ръководства
9 (RLIN) 242291
653 ## - Ключова дума – ненормативна
Ключова дума психотерапия
653 ## - Ключова дума – ненормативна
Ключова дума наръчници
653 ## - Ключова дума – ненормативна
Ключова дума ръководства
700 1# - Други автори (авторска отговорност)
Лично име Бонгар, Брус
Автороска отговорност (Описва отношението между автора и произведението) под ред. на
9 (RLIN) 41197
700 1# - Други автори (авторска отговорност)
Лично име Бютлър, Лари Е.
Автороска отговорност (Описва отношението между автора и произведението) под ред. на
9 (RLIN) 44867
700 1# - Други автори (авторска отговорност)
Лично име Андреева, Людмила Маринова
9 (RLIN) 365194
852 ## - Местоположение
Форматна сигнатура Цб 212149
856 4# - Електронен адрес и достъп
Електронен формат pdf - файл
Път до файла /url/
856 4# - Електронен адрес и достъп
Електронен формат pdf - файл
Път до файла /url/
942 ## - АРТИКУЛИ
Вид на библиотечния материал Книги
Скрит в OPAC Не
Koha issues (borrowed), all copies 4
944 ## - СЪЗДАВАНЕ И РЕДАКЦИЯ на ЗАПИСА
Създаване/Редакция Създаване
Дата на регистрацията/редакция 01.01.2002
Служител, извършил регистрацията/редакцията Людмила_Стоянова
944 ## - СЪЗДАВАНЕ И РЕДАКЦИЯ на ЗАПИСА
Създаване/Редакция Редакция
Дата на регистрацията/редакция 18.05.2004
Служител, извършил регистрацията/редакцията
999 ## - СИСТЕМНИ КОНТРОЛНИ НОМЕРА
Koha biblionumber 97773
Koha biblioitemnumber 97773
Наличности
Код за отписване Код за изгубен артикул Код за повреда Коз за рестрикции Код за отдаване Артикулен № Име на библиотеката - собственик Име на библиотеката, в която се намира в момента Статус (Текущо местоположение) Дата на вписване в системата Местоположение - отдел Цена в лева Инвентарен номер Систематично азбучна сигнатура Баркод Номер на екземпляра Цена в евро Служебна бележка Служебен тип на артикула
  Не е изгубен Не е повреден без рестрикции ползва се в читалня 157139 Регионална библиотека "Любен Каравелов" Русе Регионална библиотека "Любен Каравелов" Русе Читалня 2002-08-06 Читалня 35.00 120000671190 Ч 615/П 96 120000671190 1 17.90 Дост: Pk Вид: Ф N: 28 Дата: 05.08.2002 Дата инв: 17.03.2017 Бележки инв: Ч2017 Книги
Vip Innovations Ltd, Rousse, Bulgaria 2025